[Event "Match"]
[Site "www.echecsemail.com"]
[Date "2018.12.12"]
[Round "1"]
[White "Karlgrocer"]
[Black "Whitekknight"]
[WhiteElo "1940"]
[BlackElo "1850"]
[Result "1/2-1/2"]
[Round "1"]
1.d4 d5
2.e3 Bc8f5
3.Ng1f3 Ng8f6
4.Bf1e2 Nb8c6
5.a3 Nf6e4
6.O-O e6
7.Nb1d2 Ne4f6
8.c4 dxc4
9.Nd2xc4 Bf8e7
10.Nc4e5 Nc6xe5
11.Nf3xe5 Nf6d7
12.Ne5xd7 Qd8xd7
13.Bc1d2 a6
14.Bd2c3 O-O
15.Be2f3 c6
16.Bf3g4 Qd7d5
17.Bg4f3 Bf5e4
18.Bf3xe4 Qd5xe4
19.Qd1b3 b5
20.a4 Qe4d5
21.Qb3c2 b4
22.Bc3d2 a5
23.Ra1c1 Ra8c8
24.b3 Rf8d8
25.Rf1d1 g6
26.Bd2e1 Be7f6
27.Qc2b1 Qd5d7
28.Rc1c5 Rc8a8
29.Rd1c1 Bf6e7
30.Rc5xc6 Rd8c8
31.Rc6xc8 Ra8xc8
32.Rc1xc8 Qd7xc8
33.g3 Qc8c6
34.Qb1b2 Qc6d5
35.Be1d2 Be7g5
36.Qb2c2 Qd5d8
37.Kg2 Kg7
38.h4 Bg5e7
39.Bd2c1 Be7f6
40.Bc1b2 Qd8d5
41.e4 Qd5d8
42.e5 Bf6e7
43.f3 h5
44.Kf2 Qd8b6
45.Qc2d3 Kg8
46.Bb2c1 Kg7
47.Bc1e3 Qb6d8
48.f4 Qd8d5
49.Qd3d1 Qd5d8
50.Qd1d2 Qd8d5
51.Qd2d3 Be7d8
52.Qd3c2 Kh7
53.Qc2d3 Kg7
{ draw }
1/2-1/2

[Event "Tourn. n10008"]
[Site "www.echecsemail.com"]
[Date "2018.12.12"]
[Round "1"]
[White "Bojan"]
[Black "Picifarkinca"]
[WhiteElo "2020"]
[BlackElo "1870"]
[Result "1-0"]
[Round "1"]
1.e4 c6
2.d4 d5
3.Nb1c3 dxe4
4.Nc3xe4 Nb8d7
5.Qd1f3 Ng8f6
6.a3 Nf6xe4
7.Qf3xe4 Nd7f6
8.Qe4d3 g6
9.f3 Bc8f5
10.Qd3d1 h5
11.c3 Bf8g7
12.Ng1e2 O-O
13.Ne2g3 Bf5e6
14.Bf1d3 c5
15.dxc5 Qd8c7
16.b4 Nf6d5
17.Bc1b2 Nd5f4
18.Qd1d2 Ra8d8
19.O-O Nf4xd3
20.Qd2c2 Nd3xb2
21.Qc2xb2 Qc7f4
22.Ra1d1 Qf4e3
23.Kh1 Qe3xc3
24.Qb2b1 Qc3xa3
25.Rd1e1 h4
26.Ng3e4 Be6c4
27.Rf1f2 Bg7d4
28.Rf2d2 f5
29.Ne4g5 e5
30.Re1d1 Qa3e3
31.Ng5h3 Bc4e2
32.Qb1a2 { resign }
1-0

[Event "Match"]
[Site "www.echecsemail.com"]
[Date "2018.12.12"]
[Round "1"]
[White "Zack1984"]
[Black "Apdash"]
[WhiteElo "2080"]
[BlackElo "2320"]
[Result "1-0"]
[Round "1"]
1.b4 e5
2.Bc1b2 d6
3.c4 Ng8f6
4.e3 Bf8e7
5.Qd1c2 a5
6.b5 c6
7.a4 Nb8d7
8.d4 e4
9.Ng1e2 d5
10.Ne2c3 Be7b4
11.Nb1d2 dxc4
12.Bf1xc4 Nd7b6
13.Bc4e2 Qd8e7
14.O-O Nb6d5
15.Nc3xe4 O-O
16.Ne4xf6 Nd5xf6
17.bxc6 bxc6
18.Rf1c1 Bc8b7
19.Be2f3 Ra8c8
20.Nd2b3 c5
21.Bf3xb7 Qe7xb7
22.dxc5 Nf6d5
23.c6 Qb7e7
24.Nb3d4 Qe7h4
25.Nd4f5 Qh4g5
26.Bb2xg7 Rf8e8
27.h4 Qg5h5
28.Bg7b2 Re8e6
29.Qc2d3 Nd5f6
30.c7 Nf6e4
31.Qd3d8 Re6e8
32.Qd8xe8 Rc8xe8
33.c8Q Re8xc8
34.Rc1xc8 Bb4f8
35.Nf5e7 { resign }
1-0

[Event "Tourn. n9945"]
[Site "www.echecsemail.com"]
[Date "2018.12.12"]
[Round "1"]
[White "Yakke"]
[Black "Cal"]
[WhiteElo "1720"]
[BlackElo "1720"]
[Result "1-0"]
[Round "1"]
1.e4 e5
2.Ng1f3 d6
3.d4 exd4
4.Nf3xd4 h6
5.c3 a6
6.Qd1a4 Bc8d7
7.Qa4c4 Ng8f6
8.f3 Bf8e7
9.Bc1e3 c5
10.e5 cxd4
11.Be3xd4 Nb8c6
12.exf6 Bd7e6
13.fxe7 Qd8xe7
14.Qc4d3 O-O
15.Nb1d2 b5
16.Qd3e4 Ra8c8
17.Bf1d3 f5
18.Qe4e3 f4
19.Qe3e4 Be6f5
20.Qe4xe7 Nc6xe7
21.Bd3xf5 Ne7xf5
22.Bd4f2 d5
23.O-O a5
24.Rf1e1 b4
25.cxb4 axb4
26.Nd2b3 Rc8c2
27.Bf2c5 Rf8d8
28.Bc5xb4 Rc2xb2
29.Bb4a5 Nf5e3
30.Nb3d4 Rb2xg2
31.Kh1 g5
32.Ba5xd8 Rg2d2
33.Nd4e6 Kf7
34.Ne6c7 Kg6
35.a4 d4
36.Ra1c1 Kh5
37.a5 Rd2a2
38.a6 d3
39.Rc1b1 d2
40.Re1d1 Ne3c2
41.Rd1xd2 g4
42.Rd2d5 Kg6
43.Rb1b6 Kf7
44.Rb6f6 Kg7
45.Rd5d7 Kg8
46.Rf6g6 Kh8
47.Bd8f6 
1-0

[Event "Match"]
[Site "www.echecsemail.com"]
[Date "2018.12.12"]
[Round "1"]
[White "Gandalf50"]
[Black "Tonino1"]
[WhiteElo "2200"]
[BlackElo "2240"]
[Result "0-1"]
[Round "1"]
1.Ng1f3 d6
2.e3 Ng8f6
3.b3 e5
4.Bc1b2 g6
5.d4 e4
6.Nf3d2 d5
7.c4 c6
8.Bf1e2 Bf8g7
9.O-O O-O
10.Nb1c3 Bc8e6
11.c5 Qd8d7
12.b4 a6
13.a4 Nf6e8
14.Qd1b3 f5
15.b5 axb5
16.axb5 Ra8xa1
17.Rf1xa1 Ne8c7
18.b6 Nc7a6
19.Nc3a2 f4
20.Na2b4 Na6xb4
21.Qb3xb4 Be6g4
22.Be2f1 f3
23.Ra1a8 fxg2
24.Bf1xg2 Qd7f7
25.Nd2f1 Qf7xf2
26.Kh1 Bg4f3
{ resign }
0-1

[Event "Match"]
[Site "www.echecsemail.com"]
[Date "2018.12.12"]
[Round "1"]
[White "Darknight"]
[Black "Tonino1"]
[WhiteElo "1840"]
[BlackElo "2290"]
[Result "0-1"]
[Round "1"]
1.e4 d6
2.Bf1c4 Ng8f6
3.d3 c6
4.h3 g6
5.Bc1g5 Bf8g7
6.Bg5xf6 Bg7xf6
7.c3 O-O
8.Nb1d2 b5
9.Bc4b3 e5
10.Ng1f3 a5
11.a3 Nb8d7
12.h4 a4
13.Bb3a2 Nd7c5
14.Qd1e2 Nc5e6
15.g3 Qd8c7
16.Qe2e3 Bc8b7
17.O-O-O d5
18.Rd1g1 d4
19.cxd4 Ne6xd4
20.Nf3xd4 exd4
21.Qe3e2 c5
22.Kb1 Ra8c8
23.f4 Bb7a6
24.h5 c4
25.Rg1c1 c3
26.Nd2f3 Qc7a5
27.Nf3e1 b4
28.Ka1 b3
29.Ba2xb3 axb3
30.Qe2g2 c2
31.Ne1xc2 bxc2
32.g4 Ba6xd3
33.g5 Bf6e7
34.Qg2f2 Be7xa3
35.b3 Ba3xc1

0-1

[Event "Tourn. n9982"]
[Site "www.echecsemail.com"]
[Date "2018.12.12"]
[Round "1"]
[White "Numanoid"]
[Black "Apdash"]
[WhiteElo "2620"]
[BlackElo "2320"]
[Result "1-0"]
[Round "1"]
1.d4 d5
2.c4 e6
3.Nb1c3 c6
4.Ng1f3 Nb8d7
5.cxd5 exd5
6.Bc1f4 Ng8f6
7.e3 Bf8b4
8.Bf1d3 a6
9.O-O O-O
10.h3 c5
11.Ra1c1 c4
12.Bd3b1 Bb4xc3
13.bxc3 Rf8e8
14.Nf3e5 Nd7xe5
15.Bf4xe5 Bc8e6
16.Qd1c2 g6
17.f3 Nf6d7
18.Be5h2 Qd8g5
19.Bh2f4 Qg5h4
20.Qc2f2 Qh4xf2
21.Rf1xf2 Kg7
22.e4 Ra8c8
23.Rc1e1 f6
24.Rf2e2 g5
25.exd5 Be6f7
26.Re2xe8 Rc8xe8
27.Re1xe8 Bf7xe8
28.Bf4c7 Be8g6
29.Bb1xg6 Kxg6
30.Kf2 f5
31.f4 h6
32.Bc7e5 Kf7
33.Kf3 b5
34.Ke3 Nd7b6
35.d6 a5
36.a3 Nb6d5
37.Kd2 b4
38.cxb4 axb4
39.axb4 Nd5xb4
40.Kc3 Nb4d5
41.Kxc4 Nd5e3
42.Kc5 Ne3xg2
43.Kc6 g4
44.d7 gxh3
45.d8Q h2
46.Qd8f6 Ke8
47.Be5d6 { resign }
1-0

[Event "Tourn. n9987"]
[Site "www.echecsemail.com"]
[Date "2018.12.12"]
[Round "1"]
[White "Apdash"]
[Black "Comrade"]
[WhiteElo "2340"]
[BlackElo "2290"]
[Result "1-0"]
[Round "1"]
1.e4 c5
2.Ng1f3 a6
3.d4 cxd4
4.Nf3xd4 Ng8f6
5.Bf1d3 Nb8c6
6.c3 e5
7.Nd4b3 Bf8e7
8.O-O d5
9.exd5 Nf6xd5
10.Qd1c2 Nd5f6
11.Bc1g5 Nf6d5
12.Bg5xe7 Nd5xe7
13.Nb1d2 Qd8c7
14.Rf1e1 Nc6b4
15.cxb4 Qc7d6
16.b5 f5
17.Nd2c4 Qd6f6
18.Re1xe5 O-O
19.bxa6 Ra8xa6
20.Ra1e1 Ra6e6
21.Nb3d4 Re6xe5
22.Nc4xe5 Rf8d8
23.Bd3c4 Kf8
24.Qc2c3 Ne7c6
25.Qc3a3 Qf6d6
26.Qa3xd6 Rd8xd6
27.Nd4xc6 bxc6
28.f4 Rd6d4
29.g3 c5
30.b3 Bc8b7
31.Ne5d3 Bb7d5
32.Nd3xc5 Bd5xc4
33.bxc4 Rd4xc4
34.Re1e5 g6
35.a4 Rc4c2
36.h4 Kf7
37.a5 { resign }
1-0

[Event "Match"]
[Site "www.echecsemail.com"]
[Date "2018.12.12"]
[Round "1"]
[White "Blackorblanc"]
[Black "Micheles"]
[WhiteElo "1649"]
[BlackElo "2540"]
[Result "0-1"]
[Round "1"]
1.Nb1c3 d5
2.f4 Ng8f6
3.h3 Nb8c6
4.Ng1f3 e6
5.d3 d4
6.Nc3b1 Bf8c5
7.c3 O-O
 { time }
0-1

[Event "1/64 Finale"]
[Site "www.chess-mail.com"]
[Date "2018.12.12"]
[Round "1"]
[White "Cal"]
[Black "Dougbeer"]
[WhiteElo "1820"]
[BlackElo "2450"]
[Result "0-1"]
[Round "1"]
1.c4 f5
2.d4 e6
3.Ng1f3 Ng8f6
4.a3 Bf8e7
5.Nb1c3 b6
6.h3 Bc8b7
7.Nf3e5 O-O
8.e3 c5
9.dxc5 bxc5
10.Bf1d3 Bb7xg2
11.Rh1h2 Bg2b7
12.Bc1d2 Nb8c6
13.Ne5f3 Ra8b8
14.b3 Nc6a5
15.Ra1b1 Na5xb3
16.Rb1xb3 Bb7xf3
17.Bd3e2 Qd8c7
18.Rb3xb8 Qc7xb8
19.Be2xf3 Qb8xh2
20.Ke2 Qh2xh3
21.Qd1g1 Nf6g4
22.Bf3xg4 Qh3xg4
23.Qg1xg4 fxg4
24.Nc3e4 h5
25.Ne4g3 h4
26.Ng3h5 e5
27.e4 g6
28.Nh5g3 hxg3
29.fxg3 Rf8f3
30.a4 Rf3xg3
31.Kf2 Rg3a3
32.a5 Ra3a2
33.Ke2 Be7g5
{ resign }
0-1

[Event "Fast Game"]
[Site "www.echecsemail.com"]
[Date "2018.12.12"]
[Round "1"]
[White "Hennie4820"]
[Black "Fabos12"]
[WhiteElo "1650"]
[BlackElo "1760"]
[Result "0-1"]
[Round "1"]
1.e4 e6
2.d4 Nb8c6
3.c4 d5
4.cxd5 exd5
5.e5 h5
6.Ng1f3 Bc8g4
7.Bf1e2 Bg4xf3
8.Be2xf3 g6
9.O-O Ng8h6
10.Nb1c3 Nc6b4
11.a3 Nb4a6
12.Bc1e3 c6
13.Qd1d2 Nh6f5
14.Be3g5 Qd8b6
15.Rf1d1 Na6c7
16.Bg5f6 Rh8g8
17.Nc3a4 Qb6b5
18.Na4c3 Qb5a6
19.Bf3e2 b5
20.a4 Qa6b7
21.axb5 cxb5
22.Qd2d3 Ra8b8
23.Be2xh5 Nc7e6
24.Nc3e2 Bf8e7
25.Bf6xe7 Nf5xe7
26.Bh5g4 Ne6g5
27.Ne2g3 Ne7c6
28.f4 Ng5e6
29.Bg4xe6 fxe6
30.Ra1c1 Nc6b4
31.Qd3d2 a5
32.Rc1c5 Ke7
33.Rd1c1 Rg8c8
34.Ng3e2 Kd7
35.g4 Rc8xc5
36.Rc1xc5 Rb8c8
37.Qd2c3 Rc8xc5
38.Qc3xc5 Qb7c6
39.Qc5a7 Qc6c7
40.Qa7xc7 Kxc7
41.f5 exf5
42.gxf5 gxf5
43.h4 Nb4c6
44.Kf2 Kd7
45.Kf3 Nc6e7
46.Kf4 Ke6
47.Ne2c3 b4
48.Nc3a4 Kd7
49.Na4c5 Kc6
 { time }
0-1

[Event "Tourn. n9968"]
[Site "www.echecsemail.com"]
[Date "2018.12.13"]
[Round "1"]
[White "Foxy100"]
[Black "Szustan"]
[WhiteElo "2340"]
[BlackElo "2580"]
[Result "0-1"]
[Round "1"]
1.e4 e5
2.Ng1f3 Nb8c6
3.Bf1b5 a6
4.Bb5a4 Ng8f6
5.O-O Nf6xe4
6.d4 b5
7.Ba4b3 d5
8.dxe5 Bc8e6
9.c3 Ne4c5
10.Nb1d2 Bf8e7
11.Bb3c2 Be6g4
12.Qd1e1 Nc5e6
13.h3 Bg4h5
14.Nf3h2 Bh5g6
15.Bc2b1 Ne6c5
16.Nh2f3 Bg6xb1
17.Ra1xb1 O-O
18.Nf3d4 Nc6xd4
19.cxd4 Nc5e6
20.Nd2f3 c5
21.dxc5 Be7xc5
22.Bc1d2 Ra8c8
23.Rb1c1 Qd8d7
24.Qe1e2 Bc5b6
25.b3 Rc8xc1
26.Rf1xc1 Rf8c8
27.Qe2d1 h6
28.Rc1xc8 Qd7xc8
29.a4 Qc8c6
30.axb5 Qc6xb5
31.b4 g5
32.Qd1f1 Ne6d4
33.Nf3xd4 Bb6xd4
34.Qf1e1 Qb5c6
35.Kh2 Qc6c8
36.g3 Qc8f5
37.f4 Kg7
38.Kg2 Qf5c2
39.Kf3 gxf4
{ resign }
0-1

[Event "Match"]
[Site "www.echecsemail.com"]
[Date "2018.12.13"]
[Round "1"]
[White "Micheles"]
[Black "Apdash"]
[WhiteElo "2550"]
[BlackElo "2250"]
[Result "1-0"]
[Round "1"]
1.d4 d5
2.Ng1f3 c5
3.c3 e6
4.Bc1f4 Nb8c6
5.e3 Ng8f6
6.Nb1d2 Nf6h5
7.Bf4g5 Nh5f6
8.Nf3e5 Bf8e7
9.Bf1b5 Bc8d7
10.Bg5xf6 Be7xf6
11.Ne5xd7 Qd8xd7
12.dxc5 O-O
13.O-O Qd7e7
14.Nd2b3 a6
15.Bb5xc6 bxc6
16.Qd1g4 e5
17.Qg4a4 Rf8c8
18.e4 Qe7b7
19.Ra1d1 dxe4
20.Qa4xe4 a5
21.Qe4a4 Qb7b5
22.Qa4xb5 cxb5
23.Rd1d5 b4
24.Rf1e1 a4
25.Nb3d2 bxc3
26.bxc3 Rc8d8
27.c4 Rd8c8
28.Nd2e4 Rc8c6
29.Re1b1 Kf8
30.Rb1b7 Ra8d8
31.Ne4xf6 { resign }
1-0

[Event "Match"]
[Site "www.echecsemail.com"]
[Date "2018.12.13"]
[Round "1"]
[White "Cal"]
[Black "Sonny1000"]
[WhiteElo "1830"]
[BlackElo "1540"]
[Result "1-0"]
[Round "1"]
1.c4 c5
2.Nb1c3 d5
3.Nc3xd5 Bc8e6
4.e4 Be6xd5
5.cxd5 Qd8d6
6.Bf1c4 Qd6g6
7.Qd1f3 Nb8d7
8.h3 a6
9.Ng1e2 f6
10.Ne2c3 Nd7e5
11.Qf3g3 Ne5xc4
12.O-O Qg6h6
13.d3 Qh6g6
14.Qg3c7 Ra8d8
15.b3 Nc4d6
16.Qc7xc5 Rd8c8
17.Qc5d4 h5
18.Bc1f4 e5
19.Bf4xe5 fxe5
20.Qd4xe5 Bf8e7
21.f4 Qg6g3
22.Qe5e6 Rc8d8
23.e5 Nd6f7
24.Rf1f3 Qg3h4
25.Nc3e4 a5
26.d6 Nf7xd6
27.exd6 Rd8xd6
28.Ne4xd6 Kf8
29.Qe6f7 { resign }
1-0

[Event "Tourn. n9990"]
[Site "www.echecsemail.com"]
[Date "2018.12.13"]
[Round "1"]
[White "Ssharp"]
[Black "Apdash"]
[WhiteElo "2280"]
[BlackElo "2320"]
[Result "1-0"]
[Round "1"]
1.e4 e5
2.Ng1f3 Nb8c6
3.Bf1c4 Bf8c5
4.Nb1c3 d6
5.h3 Qd8e7
6.O-O Ng8f6
7.d3 a6
8.Bc1g5 h6
9.Nc3d5 Qe7d8
10.Nd5xf6 gxf6
11.Bg5h4 Rh8g8
12.Kh2 Bc8e6
13.Bc4xe6 fxe6
14.c3 Qd8e7
15.b4 Qe7g7
16.g3 Bc5b6
17.Qd1b3 Qg7f7
18.a4 Kd7
19.a5 Bb6a7
20.Ra1a2 Ra8f8
21.b5 Nc6d8
22.b6 Ba7b8
23.Qb3a4 c6
24.d4 exd4
25.cxd4 f5
26.e5 f4
27.g4 Qf7g6
28.Ra2a3 Qg6e4
29.Qa4d1 Nd8f7
30.Rf1e1 Qe4d5
31.Bh4f6 h5
32.g5 Kc8
33.h4 dxe5
34.dxe5 Qd5c5
35.Ra3a2 Nf7d8
36.Re1e2 Qc5c3
37.Nf3d2 Qc3d3
38.f3 Nd8f7
39.Kg2 Nf7d6
40.Bf6e7 Nd6c4
41.Be7xf8 Nc4e3
42.Re2xe3 fxe3
43.Bf8d6 Bb8xd6
44.exd6 Rg8f8
45.Qd1f1 Qd3d5
46.Qf1c4 Qd5f5
47.Qc4e4 exd2
48.Qe4xf5 exf5
49.Ra2xd2 Kd7
50.Kg3 f4
51.Kf2 Rf8f7
52.Rd2d4 Ke6
53.Ke2 c5
54.d7 cxd4
55.d8Q Rf7d7
56.Qd8xd7 Kxd7
57.Kd3 Ke6
58.Kxd4 Kf5
59.Kd5 Kg6
60.Ke5 { resign }
1-0

[Event "Match"]
[Site "www.echecsemail.com"]
[Date "2018.12.13"]
[Round "1"]
[White "Tonino1"]
[Black "Llord"]
[WhiteElo "2120"]
[BlackElo "1870"]
[Result "0-1"]
[Round "1"]
1.f4 e6
2.d4 Bf8b4
3.c3 Bb4d6
4.e4 f5
5.e5 Bd6e7
6.Ng1f3 Nb8c6
7.Bf1d3 d5
8.O-O b6
9.Qd1a4 Bc8d7
10.Qa4d1 a5
11.Nb1d2 Ng8h6
12.h3 Nc6a7
13.Nf3g5 O-O
14.Nd2f3 Nh6f7
15.Qd1e1 h6
16.h4 hxg5
17.hxg5 Na7b5
18.Qe1h4 Bd7e8
19.Kf2 c5
20.Rf1h1 Nf7h6
21.Qh4h3 Nh6g4
22.Ke2 Be8g6
23.Nf3h4 Qd8e8
24.Bd3xb5 Qe8xb5
25.Ke1 Bg6h5
26.Nh4xf5 exf5
27.Qh3xh5 Qb5d3
28.Qh5h7 Kf7
29.Qh7h5 Ke6
30.Qh5g6 Kd7
31.Qg6xg7 Qd3g3
32.Ke2 Qg3xg2
 { time }
0-1

[Event "Tourn. n10022"]
[Site "www.echecsemail.com"]
[Date "2018.12.13"]
[Round "1"]
[White "Bojan"]
[Black "Fantomas"]
[WhiteElo "2000"]
[BlackElo "2100"]
[Result "0-1"]
[Round "1"]
1.e4 c5
2.Ng1f3 Ng8f6
3.e5 Nf6g8
4.d4 cxd4
5.Nf3xd4 Nb8c6
6.Nd4xc6 bxc6
7.Qd1f3 e6
8.Bf1d3 Qd8a5
9.c3 Qa5xe5
10.Bc1e3 Qe5f6
11.Qf3g3 Qf6d8
12.O-O d5
13.Be3f4 h6
14.Nb1d2 Qd8e7
15.Rf1e1 Ng8f6
16.Bd3e2 Nf6h7
17.Nd2f3 g5
18.Bf4e5 f6
19.Be5d4 e5
20.Bd4e3 Bf8g7
21.h3 f5
22.Be3c1 e4
23.Nf3d2 Bg7e5
24.Be2h5 Kf8
25.Qg3e3 Nh7f6
26.Bh5d1 Bc8a6
27.f3 Be5g3
28.Nd2b3 f4
29.Qe3c5 Bg3xe1
30.fxe4 Nf6xe4
31.Qc5xc6 Be1f2
32.Kh2 Ba6b7
33.Qc6b5 Ne4g3
34.Bc1d2 Ra8e8
35.Bd1f3 a6
36.Qb5d3 Qe7f7
37.Nb3d4 Kg7
38.Nd4e2 Re8e7
39.c4 Ng3xe2
40.Bf3xe2 d4
41.Ra1f1 Bb7e4
42.Qd3a3 Bf2g3
43.Kg1 Be4xg2
44.Be2d3 Bg2xf1
45.Kxf1 Qf7e6
46.Kg2 Qe6c6
47.Kg1 Rh8e8
48.b4 Qc6f3
{ resign }
0-1

[Event "Tourn. n10008"]
[Site "www.echecsemail.com"]
[Date "2018.12.13"]
[Round "1"]
[White "Wegaman"]
[Black "Bojan"]
[WhiteElo "1990"]
[BlackElo "2020"]
[Result "0-1"]
[Round "1"]
1.d4 d5
2.c4 dxc4
3.Nb1c3 e5
4.d5 c6
5.e4 b5
6.a4 a6
7.axb5 cxd5
8.exd5 Bc8b7
9.Bf1xc4 axb5
10.Ra1xa8 Bb7xa8
11.Bc4xb5 Nb8d7
12.Ng1f3 Bf8d6
13.O-O Ng8f6
14.Bc1g5 O-O
15.Bb5xd7 Qd8xd7
16.Bg5xf6 gxf6
17.Nc3e4 Bd6e7
18.Ne4c3 Rf8b8
19.Qd1d2 Be7f8
20.h3 Bf8g7
21.Rf1d1 Rb8b6
22.Nc3e4 Ba8b7
23.Ne4c5 Qd7c7
24.Nc5xb7 Rb6xb7
25.Qd2c3 Qc7d8
26.b4 e4
27.Nf3h2 f5
28.Qc3c4 Bg7f8
29.b5 Rb7c7
30.Qc4b3 Rc7b7
31.Qb3c4 Bf8d6
32.Qc4c6 Rb7b6
33.Qc6c4 Qd8b8
34.Rd1b1 Bd6xh2
35.Kh1 Bh2e5
36.Qc4c5 Kg7
37.Qc5e3 h6
38.f4 Be5xf4
39.Qe3d4 f6
40.Qd4c5 Bf4d6
41.Qc5c4 Qb8e8
42.Qc4f1 Qe8e5
43.Kg1 Bd6c5
44.Kh1 Qe5xd5
45.Qf1f4 Bc5d6
46.Qf4f1 e3
47.Qf1e2 Qd5e5
{ resign }
0-1

[Event "Tourn. n9972"]
[Site "www.echecsemail.com"]
[Date "2018.12.13"]
[Round "1"]
[White "Raicolin"]
[Black "Orhany24"]
[WhiteElo "2130"]
[BlackElo "2050"]
[Result "1-0"]
[Round "1"]
1.c4 c5
2.Nb1c3 Nb8c6
3.g3 g6
4.Bf1g2 Bf8g7
5.Ng1f3 Ng8f6
6.d4 cxd4
7.Nf3xd4 a6
8.O-O O-O
9.c5 Qd8c7
10.Nd4b3 d6
11.Bc1f4 Nc6e5
12.cxd6 exd6
13.Ra1c1 Qc7b6
14.Bf4e3 Qb6d8
15.Nc3a4 Bc8e6
16.Bg2xb7 Ra8b8
17.Bb7xa6 Be6h3
18.Rf1e1 d5
19.Na4c5 Ne5c6
20.Ba6b7 Rb8xb7
21.Nc5xb7 Qd8d7
22.Nb3c5 Qd7f5
23.f3 Nc6e5
24.Be3f4 Nf6h5
25.Nb7d6 Qf5f6
26.Qd1xd5 Nh5xf4
27.gxf4 Qf6xf4
28.Kh1 Qf4e3
29.Nd6e4 Ne5xf3
30.Ne4f6 Bg7xf6
31.Qd5xf3 { resign }
1-0

[Event "Tourn. n9804"]
[Site "www.echecsemail.com"]
[Date "2018.12.13"]
[Round "1"]
[White "Jaroslavpech"]
[Black "Seger"]
[WhiteElo "2460"]
[BlackElo "2820"]
[Result "1/2-1/2"]
[Round "1"]
1.d4 g6
2.e4 Bf8g7
3.Nb1c3 d6
4.Bc1e3 a6
5.f4 b5
6.Ng1f3 Bc8b7
7.Bf1d3 b4
8.Nc3e2 Ng8f6
9.Ne2g3 c5
10.dxc5 dxc5
11.Be3xc5 Qd8c7
12.Bc5xb4 Qc7xf4
13.Qd1d2 Qf4xd2
14.Nf3xd2 a5
15.Bb4c3 O-O
16.O-O Nb8c6
17.Bd3b5 h5
18.Nd2f3 Rf8c8
19.Rf1e1 a4
20.a3 Nc6d8
21.Ra1d1 Nd8e6
22.h3 Rc8c7
23.Nf3d2 Bg7h6
24.Bb5d3 Ne6c5
25.Bc3e5 Rc7d7
26.Nd2c4 Nc5xd3
27.cxd3 Ra8d8
28.d4 Bb7c6
29.d5 Bc6b5
30.Nc4e3 Rd8c8
31.d6 Bh6xe3
32.Re1xe3 Nf6e8
33.Re3c3 Ne8xd6
34.Rc3xc8 Nd6xc8
35.Rd1xd7 Bb5xd7
36.Be5c7 Nc8d6
37.Bc7xd6 exd6
38.Kf2 Kg7
39.Ng3e2 Kf6
40.Ne2d4 Bd7e6
41.h4 d5
42.Ke3 dxe4
43.Kxe4 Be6c4
44.g3 Ke7
45.Nd4f3 Bc4e6
46.Kd4 Be6g4
47.Nf3g5 Bg4d1
48.Ke4 f6
49.Ng5h3 Kd6
50.Nh3f4 Bd1c2
51.Kd4 Bc2b1
52.Nf4d5 Ke6
53.Nd5c3 Bb1c2
54.Ke3 Kf5
55.Kf3 Bc2b3
56.Ke3 g5
57.hxg5 fxg5
58.Kf2 Ke5
59.Ke3 Bb3c2
60.Ke2 Kd4
61.Kd2 Bc2b3
62.Ke2 g4
63.Nc3b5 Kc4
64.Nb5c3 Bb3c2
65.Kd2 Kb3
66.Kc1 Bc2d3
{ draw }
1/2-1/2

[Event "Match"]
[Site "www.echecsemail.com"]
[Date "2018.12.13"]
[Round "1"]
[White "Tbsundar"]
[Black "Geodad5"]
[WhiteElo "1970"]
[BlackElo "2090"]
[Result "0-1"]
[Round "1"]
1.d4 d5
2.c4 e6
3.Ng1f3 Ng8f6
4.Nb1d2 Bf8e7
5.e3 O-O
6.Bf1d3 h6
7.O-O c5
8.b3 Nb8c6
9.Bc1b2 b6
10.Ra1c1 Bc8b7
11.cxd5 Nf6xd5
12.Bd3b1 Ra8c8
13.Nd2e4 f5
14.Ne4c3 cxd4
15.exd4 Nd5xc3
16.Bb2xc3 Qd8d5
17.Rf1e1 g5
18.Nf3xg5 Be7xg5
19.Rc1c2 Nc6xd4
20.f4 Nd4xc2
21.Qd1xd5 Bb7xd5
22.Bb1xc2 Bg5xf4
23.Bc3b4 Rc8xc2
24.Bb4xf8 Kxf8
25.g3 Bf4d6
26.Re1a1 Rc2g2
27.Kf1 Rg2xh2
28.Ra1e1 Bd6xg3
29.Re1e3 Bg3d6
30.Ke1 Rh2xa2
31.Kd1 Ra2g2
32.Re3c3 Kg7
33.b4 Kg6
34.b5 Rg2b2
35.Kc1 Rb2xb5
36.Rc3d3 h5
37.Kd2 Kg5
38.Rd3h3 Kg4
39.Rh3d3 Bd6c5
40.Kc3 Rb5b3
41.Kc2 Bd5e4
42.Kxb3 Be4xd3
43.Ka4 h4
44.Kb3 e5
45.Kc3 e4
46.Kd2 h3
47.Kc3 h2
48.Kd2 h1Q
49.Kc3 Qh1c1
50.Kb3 Qc1a3
{ resign }
0-1

[Event "Tourn. n9976"]
[Site "www.echecsemail.com"]
[Date "2018.12.13"]
[Round "1"]
[White "Cathar"]
[Black "Tartan"]
[WhiteElo "2210"]
[BlackElo "2590"]
[Result "0-1"]
[Round "1"]
1.e4 c5
2.Ng1f3 e6
3.d4 cxd4
4.Nf3xd4 Nb8c6
5.Nb1c3 a6
6.Bf1e2 Ng8e7
7.f4 b5
8.O-O Bc8b7
9.Kh1 Nc6xd4
10.Qd1xd4 Ne7c6
11.Qd4f2 Bf8e7
12.Bc1e3 O-O
13.a4 b4
14.Nc3b1 Be7h4
15.Qf2g1 d5
16.e5 d4
17.Be3f2 Bh4xf2
18.Qg1xf2 Nc6e7
19.Nb1d2 Ne7f5
20.Be2f3 Bb7d5
21.Nd2e4 Ra8c8
22.Kg1 Qd8b6
23.g4 Nf5e3
{ resign }
0-1

[Event "Match"]
[Site "www.echecsemail.com"]
[Date "2018.12.13"]
[Round "1"]
[White "Pinehill"]
[Black "Zorkvonblitz"]
[WhiteElo "2090"]
[BlackElo "1649"]
[Result "1-0"]
[Round "1"]
1.e4 g5
2.d4 h6
3.Bf1c4 Bf8g7
4.c3 Nb8c6
5.Ng1e2 Ng8f6
6.Qd1c2 d5
7.exd5 Nf6xd5
8.O-O Bc8g4
9.f3 Bg4e6
10.Nb1d2  { time }
1-0

[Event "Tourn. n9982"]
[Site "www.echecsemail.com"]
[Date "2018.12.13"]
[Round "1"]
[White "Jazzy"]
[Black "Tartan"]
[WhiteElo "2260"]
[BlackElo "2610"]
[Result "0-1"]
[Round "1"]
1.Ng1f3 d5
2.d4 Ng8f6
3.e3 Bc8g4
4.Bf1e2 e6
5.O-O c6
6.Nb1d2 Nb8d7
7.h3 Bg4h5
8.Nf3e5 Bh5xe2
9.Qd1xe2 Bf8d6
10.f4 O-O
11.a4 c5
12.b3 Ra8c8
13.c4 Qd8a5
14.g4 cxd4
15.exd4 Qa5c3
16.Bc1a3 Bd6xa3
17.Ra1xa3 Qc3xd4
18.Qe2f2 Qd4b2
19.Nd2b1 Qb2xf2
20.Rf1xf2 Nd7xe5
21.fxe5 Nf6d7
22.cxd5 exd5
23.Nb1d2 Nd7xe5
24.Kg2 Ne5d3
25.Rf2f1 Rc8c2
26.Rf1d1 Nd3b2
27.Ra3a2 Nb2xd1
{ resign }
0-1

[Event "Tourn. n9993"]
[Site "www.echecsemail.com"]
[Date "2018.12.13"]
[Round "1"]
[White "Cal"]
[Black "Alcon"]
[WhiteElo "1740"]
[BlackElo "1790"]
[Result "0-1"]
[Round "1"]
1.c4 e5
2.e4 Nb8c6
3.a3 a5
4.Ng1f3 Ng8f6
5.d3 Bf8c5
6.h3 d6
7.Bc1g5 h6
8.Bg5h4 Nc6d4
9.Nb1c3 c6
10.Bf1e2 O-O
11.O-O Bc8e6
12.Nf3h2 g5
13.Bh4g3 Qd8d7
14.Be2h5 Kh7
15.Nh2f3 Be6xh3
16.Nf3h2 Bh3e6
17.Nc3b1 Rf8g8
18.Nb1c3 Rg8g7
19.Kh1 Ra8g8
20.f4 gxf4
21.Bg3h4 Nf6xh5
22.Qd1xh5 Rg7xg2
23.Bh4f6 Nd4c2
24.Ra1d1 Nc2e3
25.Rd1e1 Ne3xf1
26.Re1xf1 Rg2g1
27.Rf1xg1 Rg8xg1
{ resign }
0-1

[Event "Tourn. n10013"]
[Site "www.echecsemail.com"]
[Date "2018.12.13"]
[Round "1"]
[White "Dougbeer"]
[Black "Foxy100"]
[WhiteElo "2460"]
[BlackElo "2400"]
[Result "1-0"]
[Round "1"]
1.e4 e5
2.Bf1c4 Ng8f6
3.d4 exd4
4.Ng1f3 Nf6xe4
5.Qd1xd4 Ne4f6
6.Nb1c3 Bf8d6
7.Bc1g5 O-O
8.O-O-O Bd6e7
9.Rh1e1 Nb8c6
10.Qd4h4 d6
11.Bc4d3 h6
12.Bg5xh6 Nf6g4
13.Bh6g5 Be7xg5
14.Nf3xg5 Ng4h6
15.Nc3d5 Bc8e6
16.Re1xe6 fxe6
17.Nd5f4 Rf8xf4
18.Qh4xf4 Qd8e7
19.Ng5xe6 Nc6e5
20.Ne6g5 Ne5xd3
21.Rd1xd3 Nh6f7
22.Qf4xf7 Qe7xf7
23.Ng5xf7 Kxf7
24.h4 g6
25.Kd2 Ra8h8
26.g3 Ke6
27.c4 Rh8h5
28.a4 c6
29.Kc3 Kd7
30.Rd3e3 b6
31.Re3e4 Rh5f5
32.Re4g4 Rf5f3
33.Kd4 Rf3xf2
34.Rg4xg6 Rf2xb2
35.h5 b5
36.axb5 cxb5
37.cxb5 { resign }
1-0

[Event "Tourn. n9971"]
[Site "www.echecsemail.com"]
[Date "2018.12.14"]
[Round "1"]
[White "Fabos12"]
[Black "Dussek"]
[WhiteElo "1980"]
[BlackElo "1870"]
[Result "1-0"]
[Round "1"]
1.d4 f5
2.Ng1f3 Ng8f6
3.c4 e6
4.Bc1g5 Bf8e7
5.Nb1c3 O-O
6.e3 b6
7.Bf1d3 Bc8b7
8.Qd1e2 d5
9.Nf3e5 Nb8d7
10.f4 dxc4
11.Bd3xc4 Nf6d5
12.Bg5xe7 Qd8xe7
13.Ne5xd7 Qe7xd7
14.Nc3xd5 exd5
15.Bc4d3 Ra8e8
16.Kf2 Qd7e7
17.Ra1c1 Qe7d7
18.b3 Re8e7
19.Rh1g1 Rf8e8
20.Rg1e1 Qd7d6
21.Bd3xf5 Qd6f6
22.Qe2d3 Qf6h4
23.Kg1 g6
24.Bf5h3 Qh4f6
25.g4 Bb7c8
26.g5 Qf6g7
27.Bh3xc8 Re8xc8
28.Rc1c6 Re7e4
29.Kf2 Qg7d7
30.Qd3b5 Qd7f5
31.Rc6f6 Qf5h3
32.Qb5xd5 Kh8
33.Qd5xe4 Qh3h4
34.Kg1 { resign }
1-0

[Event "Match"]
[Site "www.echecsemail.com"]
[Date "2018.12.14"]
[Round "1"]
[White "Blackorblanc"]
[Black "Storzman"]
[WhiteElo "1649"]
[BlackElo "2110"]
[Result "0-1"]
[Round "1"]
1.Nb1c3 d5
2.e3 e5
3.g3 Ng8f6
4.Bf1g2 c6
5.Ng1f3 Bf8d6
6.O-O O-O
7.d3 Bc8g4
8.Qd1d2 Nb8a6
9.a3 Rf8e8
10.b4 { time. }
0-1

[Event "Match"]
[Site "www.echecsemail.com"]
[Date "2018.12.14"]
[Round "1"]
[White "Zorkvonblitz"]
[Black "Liencam2"]
[WhiteElo "1649"]
[BlackElo "2350"]
[Result "0-1"]
[Round "1"]
1.g4 d5
2.g5 e5
3.h4 Bc8e6
4.d3 Bf8c5
5.Bf1g2 c6
6.f4 Qd8b6
7.Ng1f3 Bc5f2
8.Kf1 Bf2g3
9.e3 exf4
10.Qd1e2 fxe3
11.Qe2xe3 Nb8d7
12.Nf3d4 Bg3e5
13.Nb1c3 Be5xd4
14.Qe3e1 O-O-O
15.Ra1b1 Ng8e7
16.Bg2h3 Ne7f5
17.Bc1f4 Nf5e3
18.Bf4xe3 Bd4xe3
19.Bh3xe6 { time. }
0-1

[Event "Tourn. n10004"]
[Site "www.echecsemail.com"]
[Date "2018.12.14"]
[Round "1"]
[White "Tonino1"]
[Black "Drawlward"]
[WhiteElo "2250"]
[BlackElo "2620"]
[Result "0-1"]
[Round "1"]
1.d4 Ng8f6
2.Ng1f3 g6
3.e3 Bf8g7
4.Bf1d3 O-O
5.O-O c5
6.c3 d5
7.Nb1d2 Nb8d7
8.Qd1e2 Qd8c7
9.e4 cxd4
10.Nf3xd4 e5
11.Nd4b5 Qc7c6
12.f3 Nd7c5
13.exd5 Nf6xd5
14.Bd3c2 Nd5f4
15.Qe2c4 Bc8e6
16.Qc4b4 a5
 { time }
0-1